Quiz sulla Brunei - Statistics

Statistiche generali
  • Questo quiz è stato fatto 416 volte
  • Il punteggio medio è 11 su 16
Statistiche sulle risposte
Clue Risposta % Corretto
Altri paesi su quell'isola Indonesia
95%
Religione principale Islam
91%
Il sistema di governo del Brunei {Monarchia} assoluta
90%
Altri paesi su quell'isola Malaysia
86%
Paese da cui il Brunei ha ottenuto l'indipendenza nel 1984 Regno Unito
85%
Isola su cui si trova il Brunei Borneo
84%
Capitale Bandar Seri Begawan
80%
Titolo del capo di stato Sultano
79%
Le scimmie proboscide possono essere viste in Brunei. Quale parte del corpo di una scimmia proboscide è più grande delle altre scimmie? Naso
73%
Prodotto principale di esportazione Petrolio
65%
Moneta Dollaro del Brunei
54%
Mare che bagna il Brunei Mar Cinese Meridionale
53%
Secondo gruppo etnico più numeroso, dopo i malesi Cinese
50%
Nome completo del paese Brunei {Darussalam}
34%
Insolita punizione che il Brunei, come Singapore, infligge per alcuni crimini Fustigazione
33%
"Crimine" per cui le persone possono essere lapidate a morte, secondo una legge del 2019 Omosessualità maschile
24%
Nessun quiz corrispondente trovato
Distribuzione punteggi
Percentuale di utenti per punteggio
Percentile per numero di risposta
I tuoi punteggi nel tempo
Non hai fatto questo quiz